Culture Générale en 10 courtes vidéos #9 - Statistiques

Statistiques générales
  • Ce quiz a été pris 96 fois
  • Le résultat moyen est 5 sur 10
Statistiques - réponses
Vidéo Question Réponse % Correct
Comment s'appelle ce youtubeur déguisé ici en radar connu avec la formule "c'est en faisant n'importe quoi qu'on devient n'importe qui" ? Rémi Gaillard
90%
De quel film s'agit t'il ? La Grande Vadrouille
82%
Jeu vidéo en deux mots Guitar Hero
78%
Quelle théorie en deux mots (disparue puis de retour au milieu des années 2010) s'appuie sur ce type de carte animée ? Terre plate
53%
Série TV en 5 lettres Bones
46%
Extrait d'une émission sur YouTube qui s'intitule "Les recettes ___________" ? Pompettes
42%
Festival annuel de musique qui se tient à la Rochelle en Juillet : Les ___________ Francofolies
38%
Quel animal est aussi le nom de famille du personnage interprété par Daniel Prévost dans le Dîner de Cons ? Cheval
30%
Comment s'appelle ce triple vainqueur de Roland Garros qui formait des coeurs à la fin de ses grandes victoires ? Gustavo Kuerten
20%
Dans quelle ville française de province en 10 lettres François Bayrou a fait cette gifle en 2002 à un jeune garçon "qui lui faisait les poches" ? Strasbourg
6%
Aucun quiz correspondant
Distribution des résultats
% des personnes avec chaque résultat
Percentile par nombre de réponses
Votre historique - résultats
Vous n’avez pas pris ce quiz